MARC

LEADER 00000nas a2200000 a 4500
001 ssj0005174
003 WaSeSS
005 20200512172242.0
006 m d
007 cr n
008 010606c18699999enkwr pss 0 a0eng c
010 |a  2005233250 
016 7 |a N07600000  |2 DNLM 
016 7 |a 012434483  |2 Uk 
016 7 |a 014374374  |2 Uk 
022 |a 1476-4687  |l 0028-0836  |y 0028-0836 
030 |a NATUAS 
035 |a (WaSeSS)ssj0005174 
040 |a PIT  |b eng  |e pn  |c PIT  |d EYM  |d OCLCQ  |d GUA  |d OCLCS  |d SERSO  |d OCLCQ  |d OCLCF  |d OCLCO  |d OCLCE  |d BGS  |d CN8ML  |d OCLCQ  |d DLC  |d OCLCQ  |d DLC  |d VT2  |d DLC  |d IAD  |d OCLCQ  |d CKK  |d LND  |d OCLCO  |d LGG  |d CNMKL  |d UKMGB  |d AUD  |d WT2  |d ZAC  |d TYC  |d WY@  |d OCLCO  |d OCLCA  |d BUF  |d OCLCQ  |d OCLCO  |d OCLCQ  |d U3W  |d WYU  |d OCLCA  |d KNM  |d LEAUB  |d DLC  |d AU@  |d DEFHM  |d OCLCQ  |d DLC  |d WaSeSS 
042 |a pcc  |a dlr 
050 0 0 |a Q1 
060 0 |a W1 NA81 
130 0 |a Nature (Online) 
210 1 |a Nature  |b (Basingstoke, Online) 
222 0 |a Nature  |b (Basingstoke. Online) 
245 1 0 |a Nature  |h [electronic resource]. 
260 |a [London] :  |b Nature Pub. Group 
310 |a Weekly 
362 1 |a Print began with v. 1 (Nov. 4, 1869). 
506 |a License restrictions may limit access. 
538 |a Master and use copy. Digital master created according to Benchmark for Faithful Digital Reproductions of Monographs and Serials, Version 1. Digital Library Federation, December 2002.  |u http://purl.oclc.org/DLF/benchrepro0212  |5 MiAaHDL 
538 |a Mode of access: World Wide Web. 
583 1 |a digitized  |c 2010  |h HathiTrust Digital Library  |l committed to preserve  |2 pda  |5 MiAaHDL 
588 0 |a Vol. 385, no. 6612 (Jan. 9, 1997); title from journal homepage (publisher's Web site, viewed Sept. 28, 2005). 
588 1 |a Vol. 576, no. 7787 (19 Dec. 2019) (SpringerLink website, viewed Dec. 30, 2019). 
650 0 |a Science  |v Periodicals. 
650 2 |a Science. 
650 6 |a Sciences  |v Périodiques. 
650 6 |a Biologie  |v Périodiques. 
650 6 |a Physique  |v Périodiques. 
650 7 |a Science.  |2 fast  |0 (OCoLC)fst01108176 
650 1 7 |a Natuurwetenschappen.  |2 gtt 
650 7 |a CIENCIA  |x PUBLICACIONES PERIODICAS.  |2 renib 
650 1 7 |a NATURAL HISTORY.  |2 unbist 
650 1 7 |a BIOLOGY.  |2 unbist 
650 1 7 |a SCIENCE.  |2 unbist 
655 0 |a Electronic journals. 
710 2 |a Nature Publishing Group. 
776 0 8 |i Print version:  |t Nature  |x 0028-0836  |w (DLC) 12037118  |w (OCoLC)1586310 
850 |a DLC 
856 4 0 |z Full text available from Research Library: 01/04/1990 to 1 year ago  |u https://search.proquest.com/publication/40569